[Event "AUTO-ELITE-2543"]
[Site "http://www.queenalice.com/game.php?id=1839601"]
[Date "2024.7.3"]
[Round "1"]
[White "Caronte"]
[Black "somchess"]
[Result "1-0"]
[WhiteElo "2742"]
[BlackElo "2183"]

1. e4 c5 2. Nf3 e6 3. d4 cxd4 4. Nxd4 a6 5. c4 Qc7 6. Nc3 Nf6 7. a3 b6 8. Be3
Bb7 9. f3 Be7 10. Rc1 O-O 11. Be2 d6 12. O-O Nbd7 13. Kh1 Rac8 14. b4 Rfe8 15.
Na4 Qb8 16. Bf2 h6 17. Qd2 Bc6 18. Nc3 Ba8 19. Rfd1 Ne5 20. Na4 Nc6 21. b5 axb5
22. Nxb5 Ne5 23. Nxb6 Rc6 24. Qa5 Bb7 25. Rb1 Ned7 26. Na7 Rc7 27. Na8 1-0

[Event "AUTO-ELITE-2543"]
[Site "http://www.queenalice.com/game.php?id=1839606"]
[Date "2024.7.3"]
[Round "1"]
[White "Caronte"]
[Black "raulzampronha"]
[Result "1-0"]
[WhiteElo "2747"]
[BlackElo "2291"]

1. e4 c5 2. Nf3 e6 3. d4 cxd4 4. Nxd4 d6 5. c4 Nf6 6. Nc3 a6 7. Be2 Be7 8. O-O
O-O 9. Be3 Qc7 10. Rc1 b6 11. f4 Bb7 12. Bf3 Nbd7 13. g4 e5 14. Nf5 Nc5 15. fxe5
dxe5 16. Nd5 Nxd5 17. cxd5 Qd8 18. b4 Nd7 19. d6 Bg5 20. Bxg5 Qxg5 21. Rc7 1-0

[Event "AUTO-ELITE-2543"]
[Site "http://www.queenalice.com/game.php?id=1839607"]
[Date "2024.7.3"]
[Round "1"]
[White "raulzampronha"]
[Black "Caronte"]
[Result "1/2-1/2"]
[WhiteElo "2295"]
[BlackElo "2748"]

1. d4 Nf6 2. c4 g6 3. Nc3 d5 4. Nf3 Bg7 5. Qb3 dxc4 6. Qxc4 O-O 7. e4 Nc6 8. Be2
e5 9. d5 Nd4 10. Nxd4 exd4 11. Qxd4 c6 12. Qd1 Qe8 13. O-O Nxe4 14. Nxe4 Qxe4
15. Bf3 Qb4 16. dxc6 bxc6 17. Bxc6 Rb8 18. Qa4 Bf5 19. Qxb4 Rxb4 20. Be3 Rxb2
21. Bxa7 Rc2 22. Rac1 Rxa2 23. Be3 1/2-1/2

[Event "AUTO-ELITE-2486"]
[Site "http://www.queenalice.com/game.php?id=1841337"]
[Date "2024.8.3"]
[Round "2"]
[White "diedoofen"]
[Black "Caronte"]
[Result "1/2-1/2"]
[WhiteElo "2555"]
[BlackElo "2748"]

1. e4 c6 2. d4 d5 3. Nd2 dxe4 4. Nxe4 Nf6 5. Nxf6+ exf6 6. c3 Bd6 7. Bd3 O-O 8.
Ne2 Re8 9. Qc2 h5 10. O-O Be6 11. Nf4 Bxf4 12. Bxf4 Nd7 13. Rfe1 Nf8 14. Rad1
Ng6 15. Bc1 Qa5 16. a3 Qb6 17. b4 Qc7 18. c4 Bg4 19. f3 Bd7 20. Bxg6 fxg6 21.
Qxg6 Be6 22. Qxh5 Bf7 23. Qc5 b6 24. Qf5 Bxc4 25. Re3 a5 26. Qc2 b5 27. Rde1
Rxe3 28. Rxe3 a4 29. Bb2 Qd7 30. Qe4 Bd5 31. Qc2 1/2-1/2

[Event "AUTO-ELITE-2486"]
[Site "http://www.queenalice.com/game.php?id=1841338"]
[Date "2024.8.3"]
[Round "2"]
[White "Caronte"]
[Black "diedoofen"]
[Result "1-0"]
[WhiteElo "2744"]
[BlackElo "2554"]

1. d4 Nf6 2. c4 e6 3. Nf3 d5 4. g3 Nc6 5. Bg2 Bb4+ 6. Bd2 Be7 7. O-O O-O 8. Qc2
Re8 9. Rd1 Bf8 10. a3 Ne7 11. Nc3 Ng6 12. h4 dxc4 13. Bg5 h6 14. Bxf6 Qxf6 15.
Qa4 c6 16. h5 Nh8 17. Qxc4 Qf5 18. Ne5 Qxh5 19. Nxc6 Bd7 20. Ne5 Rac8 21. Qd3
Bc6 22. Nxc6 bxc6 23. Qa6 Rc7 24. Bxc6 1-0

[Event "AUTO-ELITE-2539"]
[Site "http://www.queenalice.com/game.php?id=1843470"]
[Date "2024.9.10"]
[Round "2"]
[White "Caronte"]
[Black "mestreRJ"]
[Result "1/2-1/2"]
[WhiteElo "2743"]
[BlackElo "2717"]

1. e4 e6 2. Nf3 d5 3. e5 c5 4. d4 Nc6 5. c3 Qb6 6. a3 c4 7. Nbd2 Na5 8. Rb1 Bd7
9. h4 O-O-O 10. b4 cxb3 11. Nxb3 Ba4 12. Nfd2 Kb8 13. Qc2 Rc8 14. Qb2 Nxb3 15.
Nxb3 h5 16. Bd3 Bxb3 17. Qxb3 Qxb3 18. Rxb3 Ne7 19. Rh3 Nc6 20. Bg5 Rc7 21. Rf3
g6 22. Ke2 Kc8 23. Bd2 Bh6 24. Be1 Rd8 25. Rb1 a6 26. a4 Na5 27. Rf6 Nc4 28. Rf3
Rdd7 29. Ra1 b6 30. Rb1 Rb7 31. Ra1 Rdc7 32. g4 hxg4 33. Rg3 Rb8 34. Rxg4 Kb7
35. h5 gxh5 1/2-1/2

[Event "AUTO-ELITE-2539"]
[Site "http://www.queenalice.com/game.php?id=1843471"]
[Date "2024.9.10"]
[Round "2"]
[White "mestreRJ"]
[Black "Caronte"]
[Result "1/2-1/2"]
[WhiteElo "2712"]
[BlackElo "2741"]

1. e4 c6 2. d4 d5 3. e5 c5 4. c3 Nc6 5. Nf3 cxd4 6. cxd4 Bg4 7. Be3 e6 8. Bd3
Bb4+ 9. Nc3 f6 10. h3 Bxf3 11. Qxf3 fxe5 12. Qh5+ Kf8 13. dxe5 d4 14. Qf3+ Ke8
15. Qh5+ Kf8 16. Qf3+ Ke8 17. Qh5+ Kf8 1/2-1/2

[Event "AUTO-ELITE-2539"]
[Site "http://www.queenalice.com/game.php?id=1843472"]
[Date "2024.9.10"]
[Round "2"]
[White "Caronte"]
[Black "raulzampronha"]
[Result "1-0"]
[WhiteElo "2740"]
[BlackElo "2421"]

1. e4 c5 2. Nf3 e6 3. d4 cxd4 4. Nxd4 Nc6 5. Nc3 Qc7 6. Be2 a6 7. Nxc6 bxc6 8.
Qd3 d5 9. Qg3 Qxg3 10. hxg3 d4 11. Na4 Rb8 12. Bf4 Rb4 13. b3 Nf6 14. a3 Rxa4
15. bxa4 Nxe4 16. Bf3 1-0

[Event "AUTO-ELITE-2539"]
[Site "http://www.queenalice.com/game.php?id=1843473"]
[Date "2024.9.10"]
[Round "2"]
[White "raulzampronha"]
[Black "Caronte"]
[Result "0-1"]
[WhiteElo "2354"]
[BlackElo "2742"]

1. d4 Nf6 2. Nf3 c5 3. e3 d5 4. c3 e6 5. Nbd2 Nc6 6. Bd3 Bd6 7. O-O O-O 8. dxc5
Bxc5 9. e4 Qc7 10. Qe2 h6 11. Re1 Ng4 12. Rf1 Nce5 13. Nxe5 Nxe5 14. Bc2 d4 15.
cxd4 Bxd4 16. Nb3 Nc6 17. Be3 Bxb2 18. Rab1 Bf6 19. f4 e5 20. f5 Nb4 21. Bc5
Nxc2 22. Bxf8 Kxf8 23. Rfc1 Qb6+ 24. Kh1 Na3 25. Rb2 Qb5 0-1

[Event "AUTO-ELITE-2556"]
[Site "http://www.queenalice.com/game.php?id=1846079"]
[Date "2024.10.23"]
[Round "1"]
[White "Ahlkhanvio"]
[Black "Caronte"]
[Result "1/2-1/2"]
[WhiteElo "2605"]
[BlackElo "2743"]

1. d4 c5 2. d5 e5 3. e4 d6 4. Nc3 a6 5. a4 Be7 6. Be2 Nf6 7. Nf3 b6 8. O-O O-O
9. Nd2 Nbd7 10. Nc4 Ne8 11. g3 Rb8 12. Be3 Ndf6 13. Kg2 h6 14. f3 Nh7 15. Bd3
Ng5 16. Re1 Bh3+ 17. Kh1 Bd7 18. a5 b5 19. Nb6 c4 20. Bf1 f5 21. Nxd7 Qxd7 22.
exf5 Qxf5 23. Bg2 b4 24. Bxg5 bxc3 25. Bxe7 cxb2 26. Rb1 Rf7 27. Bh4 Qh5 28. Bd8
Rxd8 29. Rxb2 Nf6 30. Rb6 e4 31. Rxa6 Re8 32. Qd4 exf3 33. Rxe8+ Nxe8 34. Bf1
Re7 35. Kg1 Nf6 36. Ra8+ Kh7 37. Bxc4 Re1+ 38. Bf1 Qf5 39. Qd3 Ne4 40. Re8 h5
41. Rxe4 Rxe4 42. Kf2 g6 43. Qxf3 Qxd5 44. Bd3 Re5 45. Qxd5 Rxd5 46. a6 Kg7 47.
h4 Kf6 48. Kf3 g5 49. hxg5+ Rxg5 50. Kf4 Rg4+ 51. Kf3 Ra4 52. Bb5 Ra2 53. Bd3
Ra5 54. Kf4 Ra4+ 55. Kf3 Kg5 56. Bb5 Ra2 57. Bd3 Ra3 58. Ke4 Ra5 59. Kf3 Rd5 60.
Be4 Ra5 61. Bd3 Kf6 62. Kf4 Ke7 63. Kf3 Kd8 64. g4 hxg4+ 65. Kxg4 Kc7 66. Kf4
Re5 67. Kf3 Kb6 68. Kf2 d5 69. Be2 d4 70. Ke1 Rg5 71. Kd2 Rg2 72. Ke1 Ka7 73.
Kd2 Rg3 74. Bd3 Rg1 75. Ke2 Kb6 76. Kf2 Ra1 77. Kf3 Re1 78. Kf2 Re7 79. Be2 Kc5
80. Bd3 Kb6 81. Be2 Re3 82. Bd3 Kc6 83. Bf1 Re8 84. Be2 Re5 85. Bd3 Re3 86. Be2
Kc7 87. Bd3 Kb8 88. Be2 Rc3 89. Bd3 Ka7 90. Kf3 Rc8 91. Ke4 Rd8 92. Bc4 Kb6 93.
Bd3 Kc6 94. Ke5 Kc5 95. Ke6 Re8+ 96. Kf7 Re1 97. Kf6 Kb4 98. Kf5 Re7 99. Kf6 Re8
100. Kf7 Rh8 101. Ke6 Kc5 102. Kd7 Kb6 103. Kd6 Rh5 104. Ke6 Rc5 105. Kd6 Ra5
106. Bc4 Rh5 107. Bd3 Rg5 108. Bc4 Rc5 109. Bd3 Rc8 110. Kd5 Rd8+ 111. Ke5 Ka7
112. Bc4 Kb6 113. Bd3 Rd7 114. Ke6 Rg7 115. Kd5 Rg4 116. Ke5 Rh4 117. Kd5 Ka7
118. Kc5 Rf4 119. Kd5 Rg4 120. Kc5 Rh4 121. Kd5 Kb6 122. Ke5 Kc7 123. Kd5 Kb8
124. Kc5 Kc7 125. Kb5 Kb8 126. Kb6 Ka8 127. Bb5 Rh7 128. Bc6+ Kb8 129. Bb7 Rxb7+
130. axb7 d3 131. cxd3 1/2-1/2

[Event "AUTO-ELITE-2556"]
[Site "http://www.queenalice.com/game.php?id=1846080"]
[Date "2024.10.23"]
[Round "1"]
[White "Caronte"]
[Black "Ahlkhanvio"]
[Result "1/2-1/2"]
[WhiteElo "2746"]
[BlackElo "2601"]

1. d4 d5 2. c4 dxc4 3. Nf3 Nf6 4. e3 Bg4 5. Bxc4 e6 6. Nc3 a6 7. O-O Nc6 8. h3
Bh5 9. a3 Bd6 10. Re1 O-O 11. g4 Bg6 12. e4 e5 13. d5 Ne7 14. Bg5 Nd7 15. Bf1 h6
16. Be3 Nf6 17. Nd2 b5 18. f3 c6 19. dxc6 Nxc6 20. Nb3 Qe7 21. Qd2 Rfd8 22. Qf2
Qe6 23. Nc5 Bxc5 24. Bxc5 Rd7 25. Rac1 Rad8 26. Bb6 Rd2 27. Re2 Rxe2 28. Nxe2
Rd7 29. Qc5 Ne8 30. Qxc6 Rd6 31. Qa8 Rxb6 32. Rc8 f6 33. Nc3 Kh7 34. Nd5 Rd6 35.
Rb8 Qd7 36. Qb7 Bf7 37. Qxd7 Rxd7 38. Kf2 h5 39. gxh5 Bxh5 40. Ra8 Rd6 41. Ra7
f5 42. Bd3 fxe4 43. fxe4 Re6 44. Nb4 Rf6+ 45. Ke1 Rf3 46. Rxa6 Rxh3 47. Re6 Bf7
48. Rxe5 Nd6 49. Re7 Kg8 50. Kd2 Nc4+ 51. Bxc4 Bxc4 52. Nc6 Rb3 53. Kc2 Re3 54.
Nd4 Bd3+ 55. Kc3 Rxe4 56. Rxe4 Bxe4 57. Nxb5 g5 58. Kd4 Bc6 59. Nd6 Kf8 60. Ke5
Ke7 61. Nf5+ Kd7 62. Kf6 g4 63. Ke5 Bf3 64. Kf4 Be2 65. Ne3 Kd6 66. Nxg4 Kd5 67.
Ne3+ Kd4 68. Nf5+ Kc4 69. Ke3 Bg4 70. Nd4 Bd7 71. Ke4 Ba4 72. Ke5 Be8 73. b3+
Kc3 74. Ke4 Bc6+ 75. Ke5 Be8 76. b4 Kc4 77. Nf5 Kb3 78. Kd5 Kxa3 79. Kc5 Ka4 80.
Ne3 Bc6 81. Nc4 Be8 82. Nb6+ Kb3 83. Nd5 Ka4 84. Nb6+ Kb3 85. Nc4 Ka4 86. Nb2+
Kb3 87. Nd1 Ba4 88. Ne3 Bc6 89. Ng4 Kc3 90. Nf2 Kb3 91. Nd3 Ba4 92. Ne5 Be8 93.
Nc4 Bd7 94. Ne5 Be8 95. Nd3 Ka4 96. Nb2+ Kb3 97. Nd1 Ba4 98. Ne3 Bc6 99. Ng4 Ka4
100. Ne3 Bb5 101. Nd5 Be8 102. Nc7 Bc6 103. Kc4 Bb5+ 104. Kc5 Bc6 105. Na6 Bb5
106. Nc7 Bc6 107. Ne6 Bd7 108. Nd4 Be8 109. Ne2 Bc6 110. Nd4 Bd7 111. Ne2 Bc6
112. Nc3+ Kb3 113. Na2 Be8 114. Nc1+ Kc2 115. Ne2 Kb3 116. Ng3 Bc6 117. Nf5 Bd7
118. Ne7 Be8 119. Nc8 Bd7 120. Nd6 Ka4 121. Ne4 Bc6 122. Nd2 Bb5 123. Nc4 Bc6
124. Nd6 Bd7 125. Nf7 Bb5 126. Ng5 Bc6 127. Ne6 Bb5 128. Nc7 1/2-1/2

[Event "AUTO-ELITE-2556"]
[Site "http://www.queenalice.com/game.php?id=1846083"]
[Date "2024.10.23"]
[Round "1"]
[White "trompmaster"]
[Black "Caronte"]
[Result "0-1"]
[WhiteElo "2414"]
[BlackElo "2743"]

1. d4 Nf6 2. Nf3 d5 3. e3 e6 4. Bd3 b6 5. Qe2 Bb7 6. Nbd2 c5 7. b3 Be7 8. h3 Nc6
9. Ne5 Nxe5 10. dxe5 Nd7 11. Bb2 Qc7 12. f4 Bh4+ 13. Kf1 O-O-O 14. Nf3 Be7 15.
c4 f6 16. cxd5 exd5 17. Kg1 fxe5 18. fxe5 Kb8 19. Rc1 Bc6 20. e6 Nf6 21. Ne5 Be8
22. Ng4 Nh5 23. Be5 Bd6 24. Qb2 Bg6 25. Bb5 Ng3 26. Bxg7 Rhg8 27. Bf6 Rdf8 28.
Ne5 Be8 29. Nd7+ Bxd7 30. exd7 a6 31. Bxa6 Qxd7 32. Be5 Qe6 33. Bxd6+ Qxd6 34.
Bd3 d4 35. exd4 Qf4 36. Re1 Re8 37. Rd1 Ne2+ 38. Bxe2 Qe3+ 39. Kf1 Rgf8+ 40. Bf3
Rxf3+ 41. gxf3 Qxf3+ 42. Qf2 Qxh1+ 0-1

[Event "AUTO-ELITE-2556"]
[Site "http://www.queenalice.com/game.php?id=1846084"]
[Date "2024.10.23"]
[Round "1"]
[White "Caronte"]
[Black "trompmaster"]
[Result "1-0"]
[WhiteElo "2744"]
[BlackElo "2413"]

1. b3 Nf6 2. Bb2 e6 3. Nf3 d5 4. e3 c5 5. d4 cxd4 6. exd4 Nc6 7. a3 g6 8. Bd3
Bd7 9. Nbd2 Rc8 10. Ne5 Bg7 11. O-O O-O 12. Re1 Qb6 13. Ndf3 Rfd8 14. h4 a5 15.
Nxc6 Bxc6 16. a4 Ne4 17. Qc1 f6 18. Rb1 Re8 19. Qe3 Qc7 20. Rbd1 Bf8 21. Nh2 f5
22. Nf3 Bb4 23. Ne5 Bxe1 24. Rxe1 Qe7 25. Bxe4 dxe4 26. Qg3 Qg7 27. c4 Red8 28.
Qe3 Qe7 29. Qf4 Rc7 30. Re3 Rcd7 31. Rg3 Qf6 32. h5 Rxd4 33. hxg6 h5 34. Qh6 Qg7
35. Qxh5 Kf8 36. Qh7 Be8 37. Ba3+ R8d6 38. Kh2 Rd2 39. Nd3 Rxd3 40. Rxd3 Bxg6
41. Bxd6+ Kf7 42. Qxg7+ Kxg7 43. Be5+ 1-0